000 00932nam a22002537a 4500
999 _c7610
_d7610
003 AR-CdUCM
008 190321b ||||| |||| 00| 0 spa d
020 _a968-18-0474-0
040 _aMUNICIPALIDAD PROVINCIAL DEL CUSCO
_cBIBLIOTECA MUNICIPAL DEL CUSCO
041 _heng
082 _21ed. (4a reimpresión)
_a624 /
_bL21
100 _aLambe, T. William
_919179
245 _aMecánica de suelos /
260 _aMéxico D. F. :
_bLimusa,
_c1984.
300 _a582 páginas ;
_bfiguras, retraros
_c27 cm.
505 _aContenido: La naturaleza del suelo -- El suelo seco -- Suelos con agua-Régimen estático o flujo establecido -- Suelos con flujo de agua en régimen variable.
650 _aSuelos
_919092
650 _aEstructuras
_919977
650 _aCimentaciones
_919573
700 _aWhitman, Robert V.(coautor)
_921480
700 _aJimenez Salas, José (traducción)
_921481
942 _2ddc
_cLIBROS
945 _aachl